000 01055nam a2200241Ia 4500
003 GCL
008 140319s9999 xx 000 0 ara d
040 _aGCL /
_cGCL
082 0 4 _a382.92
_bأ أ
100 1 _aاحمد بديع بليح
245 1 0 _aتحرير التجارة العالمية في دول العالم النامي :
_bمنظمة التجارة العالمية - آثار المنافسة الدولية المشكلة البيئية والتجارة العالمية /
_cاحمد بديع بليح
700 1 _aالسيد احمد عبد الخالق
260 _aالقاهرة :
_bالدار الجامعية ،
_c2003
300 _a267 ص ؛
_c24 سم
650 0 4 _aالاتفاقيات الدولية
650 0 4 _aالتبادل التجارى
650 0 4 _aالاتفاقيات التجارية
650 0 4 _aالقانون الدولى التجارى
650 0 4 _aمنظمة التجارة العالمية
650 0 4 _aالتجارة العالمية
650 0 4 _aاتفاقية الجات
942 _2ddc
_cBK
999 _c5956
_d5956